000 00782nam a2200217Ia 4500
001 10151
003 GE_BSU
008 181216s||||||||xx |||||||||||||| ||und||
040 _cGE_BSU
080 _a821.353.1
100 _aსულიაშვილი,დავით
245 _aთხზულებანი ორ ტომად.ტ.1
245 _bმოთხრობები,მოგონება
245 _cრედ.გ.ციცქიშვილი.მხატვ.ნ.ხინველი
260 _aთბილისი
260 _bსაბჭოთა საქართველო
260 _c1962
300 _a512გვ.1ფ.პორტრ.22სმ.
653 _aთხზულებანი ორ ტომად
942 _cBK
999 _c43421
_d43421